Statistics for Categories of Disability Under IDEA

Click here to take the quiz!

General Stats

  • This quiz has been taken 13 times
  • The average score is 4 of 14

Answer Stats

Answer% Correct
Autism
100%
Deafness
63%
Traumatic Brain Injury
38%
Deaf-blindness
25%
Intellectual Disability
25%
Multiple Disabilities
25%
Developmental Delay
13%
Emotional Disturbance
13%
Hearing Impairment
13%
Orthopedic Impairment
13%
Other Health Impairment
13%
Specific Learning Disability
13%
Visual Impairment Including Blindness
13%
Speech or Language Impairment
0%

Score Distribution

Percentile by Number Answered

Percent of People with Each Score

Your Score History

You have not taken this quiz